书目信息 |
| 题名: |
世界集邮市场
|
|
| 作者: | 吕晓明 编著 | |
| 分册: | ||
| 出版信息: | 北京 中国大百科全书出版社 1995 |
|
| 页数: | 140页 | |
| 开本: | 19cm | |
| 丛书名: | 世界市场全书 | |
| 单 册: | ||
| 中图分类: | F420.2 | |
| 科图分类: | ||
| 主题词: | 邮票--市场--世界 , 工业经济--中国 | |
| 电子资源: | ||
| ISBN: | 7-5000-5483-1 | |
| 000 | 00837nnam 2200265 45 | |
| 001 | 0196017517 | |
| 005 | 20061031112154.73 | |
| 010 | @a7-5000-5483-1@dCNY98.80(合计) | |
| 100 | @a19950712d1995 em y0chiy0121 ea | |
| 101 | 0 | @achi |
| 102 | @aCN@b110000 | |
| 105 | @ay z 000yy | |
| 200 | 10 | @a世界集邮市场@ASHI JIE JI YOU SHI CHANG@f吕晓明编著@FLU“ XIAO MING BIAN ZHU |
| 210 | @a北京@c中国大百科全书出版社@d1995 | |
| 215 | @a140页@d19cm | |
| 225 | 2 | @a世界市场全书@dThe world market series@zeng@i世界文化市场全书@v46 |
| 410 | 0 | @120010@a世界市场全书 |
| 517 | 1 | @a世界文化市场全书@ASHI JIE WEN HUA SHI CHANG QUAN SHU |
| 540 | 1 | @a集邮@AJI YOU |
| 606 | @a邮票@x市场@y世界 | |
| 606 | 0 | @a工业经济@x中国 |
| 690 | @aF420.2 | |
| 701 | 0 | @a吕晓明@ALU“ XIAO MING@4编著 |
| 801 | 0 | @aCN@bTSSF@c20061031 |
| 905 | @a10447@dF420.2@e12:7 | |
| 世界集邮市场/吕晓明编著.-北京:中国大百科全书出版社,1995 |
| 140页;19cm.-(世界市场全书=The world market series.世界文化市场全书;46) |
| ISBN 7-5000-5483-1:CNY98.80(合计) |
| ● |
| 相关链接 |
|
|
|
|
正题名:世界集邮市场
索取号:F420.2/12:7
 
预约/预借
| 序号 | 登录号 | 条形码 | 馆藏地/架位号 | 状态 | 备注 |
| 1 | 0275777 | 002057776 | 第一样本阅览室/ [索取号:F420.2/12:7] | 在馆 |